Statistics for 100 Biggest Cities of the World in 1900 with a Map

Click here to take the quiz!

General Stats

  • This quiz has been taken 1,667 times
  • The average score is 77 of 100

Answers on the Map

Answers color-coded by a green-red scale on the quiz's map according to % correct below.
 

Answer Stats

PopulationCityCountry% Correct
6,23mLondonUnited Kingdom
98%
3,44mNew York CityUnited States
97%
2,71mParisFrance
97%
1,88mBerlinGermany
96%
1,18mMoscowRussia
96%
1,58mTokyoJapan
96%
1,70mChicagoUnited States
95%
422kRomeItaly
95%
1,42mSaint PetersburgRussia
95%
943kConstantinopleOttoman Empire
94%
576kMadridSpain
94%
291kDublinUnited Kingdom
93%
1,48mViennaAustria-Hungary
93%
351kLisbonPortugal
92%
345kMexico CityMexico
92%
725kPekingChina
92%
811kRio de JaneiroBrazil
92%
343kSan FranciscoUnited States
92%
521kAmsterdamNetherlands
91%
533kBarcelonaSpain
91%
561kBostonUnited States
91%
861kBudapestAustria-Hungary
91%
570kCairoUnited Kingdom
91%
824kBuenos AiresArgentina
90%
607kManchesterUnited Kingdom
90%
538kMilanItaly
90%
621kNaplesItaly
90%
1,29mPhiladelphiaUnited States
90%
500kMunichGermany
89%
813kBombayUnited Kingdom
88%
784kGlasgowUnited Kingdom
88%
706kHamburgGermany
88%
705kLiverpoolUnited Kingdom
88%
412kShanghaiChina
88%
300kStockholmSweden
88%
401kCopenhagenDenmark
87%
316kEdinburghUnited Kingdom
87%
686kWarsawRussia
87%
304kAlexandriaUnited Kingdom
86%
286kDetroitUnited States
86%
482kSydneyUnited Kingdom
86%
278kWashington D.C.United States
86%
522kBirminghamUnited Kingdom
85%
270kSantiagoChile
85%
287kNew OrleansUnited States
84%
881kOsakaJapan
84%
459kLyonFrance
83%
491kMarseilleFrance
83%
559kPragueAustria-Hungary
83%
330kBangkokSiam
82%
349kBelfastUnited Kingdom
82%
282kBucharestRomania
82%
485kMelbourneUnited Kingdom
81%
326kMontrealCanada
81%
379kRotterdamNetherlands
81%
1,01mCalcuttaUnited Kingdom
80%
289kFrankfurt am MainGermany
79%
268kMontevideoUruguay
79%
329kTurinItaly
79%
310kPalermoItaly
77%
509kBaltimoreUnited States
76%
372kCologneGermany
76%
429kLeedsUnited Kingdom
76%
404kOdessaRussia
76%
260kBordeauxFrance
75%
670kCantonChina
75%
575kSt. LouisUnited States
75%
378kGenoaItaly
74%
283kRigaRussia
74%
372kKyotoJapan
73%
273kAntwerpBelgium
72%
392kClevelandUnited States
72%
352kBuffaloUnited States
69%
396kDresdenGermany
69%
324kBristolUnited Kingdom
67%
285kMilwaukeeUnited States
67%
322kPittsburghUnited States
67%
450kHankowChina
66%
326kCincinnatiUnited States
65%
509kMadrasUnited Kingdom
65%
300kSianChina
64%
640kTientsinChina
63%
456kLeipzigGermany
62%
451kSheffieldUnited Kingdom
62%
270kNankingChina
61%
261kNurembergGermany
61%
445kHyderabadUnited Kingdom
60%
285kNagoyaJapan
59%
314kLodzRussia
54%
423kBreslauGermany
52%
475kChengtuChina
51%
325kChungkingChina
51%
350kHangchowChina
43%
284kKobeJapan
39%
264kLucknowUnited Kingdom
38%
420kFuchowChina
36%
280kBradfordUnited Kingdom
31%
500kSoochowChina
26%
260kNingpoChina
24%
280kTsinanChina
21%

Score Distribution

Percentile by Number Answered

Percent of People with Each Score

Your Score History

You have not taken this quiz